Welcome to the Holygrace Academy Library

Please use search bar below to get started

MATH IQ CHALLENGE (Record no. 6744)

MARC details
000 -LEADER
fixed length control field 00246nam a22001217a 4500
020 ## - INTERNATIONAL STANDARD BOOK NUMBER
ISBN 978-93-83909-78-0
082 ## - DEWEY DECIMAL CLASSIFICATION NUMBER
Classification number 001
Item number AHL/M
100 ## - MAIN ENTRY--AUTHOR NAME
Personal name AHLAWAT, ANIL
245 ## - TITLE STATEMENT
Title MATH IQ CHALLENGE
520 ## - SUMMARY, ETC.
Summary, etc IQ CHALLENGE
650 ## - SUBJECT ADDED ENTRY--TOPICAL TERM
Topical Term G.K
942 ## - ADDED ENTRY ELEMENTS (KOHA)
Koha item type Books
Holdings
Withdrawn status Lost status Collection code Home library Current library Shelving location Date acquired Source of acquisition Full call number Accession Number Koha item type
    G.K Main Library Main Library SHELF-17C--MATHS RELATED QUIZ BOOK 13/09/2022 Purchase 001 AHL/M 12635 Books